| 000 | 01178 a2200253 4500 | ||
|---|---|---|---|
| 001 | 59042 | ||
| 005 | 20260407155845.0 | ||
| 008 | 260407a2023 arg spa d | ||
| 003 | AR-UNSa-BCEJYS | ||
| 040 |
_aAR-UNSa-BCEJYS _bspa _cAR-UNSa-BCEJYS |
||
| 080 |
_a657:338.58 _xContabilidad Social y Ambiental |
||
| 245 | 1 | 0 |
_aContabilidad social y ambiental _pUn giro hacia el bienestar |
| 020 | _a978-987-03-4497-1 | ||
| 264 | 1 |
_aBuenos Aires : _bLa Ley _c2023 |
|
| 300 |
_axxviii, 291 p. _c24 cm. |
||
| 505 | _a1. Desarrollo sostenible y responsabilidad social - 2. La disciplina contable frente al paradigma del desarrollo sostenible – 3. Iniciativas voluntarias e internacionales para demostrar la posición de las empresas con respecto a su compromiso con la RS – 4. Marco legal social y ambiental argentino – 5. Gobierno corporativo – 6. Bienes naturales | ||
| 041 | _aspa | ||
| 942 | _cBK | ||
| 590 | _aniveau_biblio:m niveau_hierar:0 | ||
| 100 | 1 | _aPahlen Acuña, Ricardo Jose María | |
| 700 | 1 | _aCampo, Ana María | |
| 700 | 1 | _aD´onofrio, Paula A. | |
| 856 | 4 | 1 |
_uhttps://www.biblioeco.unsa.edu.ar/pmb/images/libros/L128942.jpg _yImagen de portada _qimage/jpeg |
| 999 |
_c6589 _d6589 |
||